00566nam a2200181Ia 450000500170000000800410001702000180005804100120007608200170008810000320010524501180013725000120025526000530026730000210032065000180034165000150035965000100037420260429112151.0260429s9999||||xx |||||||||||||| ||und|| a9781009502658 aEnglish a780.954bSCH aSchofield, Katherine Butler 0aMusic and musicians in late Mughal India : bhistories of the ephemeral, 1748-1858 / cKatherine Butler Schofield a1st ed. aNew Delhi : bCambridge University Press,c2024. axxv, 315 p.; pbk a Mughal India a Musicians aMusic